Skills and work attitudes as perceived by the B.S.I.T Graduates Major in Electronics S.Y. 1996-1997 to 2000-2001 / (Record no. 4031)
[ view plain ]
| 000 -LEADER | |
|---|---|
| fixed length control field | 01234nam a22002777a 4500 |
| 003 - CONTROL NUMBER IDENTIFIER | |
| control field | OSt |
| 005 - DATE AND TIME OF LATEST TRANSACTION | |
| control field | 20260418024031.0 |
| 008 - FIXED-LENGTH DATA ELEMENTS--GENERAL INFORMATION | |
| fixed length control field | 250325b ||||| |||| 00| 0 eng d |
| 040 ## - CATALOGING SOURCE | |
| Language of cataloging | English. |
| Transcribing agency | CvSU-CCAT Campus Library. |
| Description conventions | rda. |
| 050 ## - LIBRARY OF CONGRESS CALL NUMBER | |
| Classification number | UM HF 5548.8 |
| Item number | D35 2003 |
| 100 ## - MAIN ENTRY--PERSONAL NAME | |
| Personal name | Dela Cruz, Hilda R., author. |
| 9 (RLIN) | 15679 |
| 245 ## - TITLE STATEMENT | |
| Title | Skills and work attitudes as perceived by the B.S.I.T Graduates Major in Electronics S.Y. 1996-1997 to 2000-2001 / |
| Statement of responsibility, etc. | Hilda R. Dela Cruz and Mindy P. Masbate |
| 260 ## - PUBLICATION, DISTRIBUTION, ETC. | |
| Place of publication, distribution, etc. | Rosario, Cavite : |
| Name of publisher, distributor, etc. | Cavite State University-CCAT Campus, |
| Date of publication, distribution, etc. | 2003 |
| 300 ## - PHYSICAL DESCRIPTION | |
| Extent | xi, 28 leaves : |
| Other physical details | illustrations ; |
| Dimensions | 28 cm |
| 500 ## - GENERAL NOTE | |
| General note | Undergraduate Thesis (BSIE) -- Cavite State University-CCAT Campus, 2003. |
| 504 ## - BIBLIOGRAPHY, ETC. NOTE | |
| Bibliography, etc. note | Includes bibliographical references and appendices. |
| 546 ## - LANGUAGE NOTE | |
| Language note | In English text |
| 650 ## - SUBJECT ADDED ENTRY--TOPICAL TERM | |
| Topical term or geographic name entry element | Professional attitudes |
| 9 (RLIN) | 16780 |
| 650 ## - SUBJECT ADDED ENTRY--TOPICAL TERM | |
| Topical term or geographic name entry element | Workplace readiness |
| 9 (RLIN) | 16781 |
| 650 ## - SUBJECT ADDED ENTRY--TOPICAL TERM | |
| Topical term or geographic name entry element | Employability and career development |
| 9 (RLIN) | 16782 |
| 650 ## - SUBJECT ADDED ENTRY--TOPICAL TERM | |
| Topical term or geographic name entry element | Bachelor of Science in Industrial Education -- Graduates. |
| 9 (RLIN) | 16783 |
| 700 ## - ADDED ENTRY--PERSONAL NAME | |
| Personal name | Masbate, Mindy P., author. |
| 9 (RLIN) | 15680 |
| 700 ## - ADDED ENTRY--PERSONAL NAME | |
| Personal name | Berbie, Lucila C., adviser. |
| 9 (RLIN) | 8788 |
| 942 ## - ADDED ENTRY ELEMENTS (KOHA) | |
| Koha item type | Thesis/Manuscripts/Dissertations |
| Classification part | HF 5548.8 D35 2003 |
| Call number prefix | UM |
| Source of classification or shelving scheme | Library of Congress Classification |
| Withdrawn status | Lost status | Source of classification or shelving scheme | Damaged status | Not for loan | Collection code | Home library | Current library | Shelving location | Date acquired | Coded location qualifier | Full call number | Barcode | Date last seen | Copy number | Price effective from | Koha item type |
|---|---|---|---|---|---|---|---|---|---|---|---|---|---|---|---|---|
| Library of Congress Classification | Thesis/Manuscript/Dissertation | Cavite State University - CCAT Campus | Cavite State University - CCAT Campus | TH | 03/20/2003 | UM | UM HF 5548.8 D35 2003 | T0000080 | 03/25/2025 | 1 | 03/25/2025 | Thesis/Manuscripts/Dissertations |
